[Event "Ricany op-A"]
[Site "Ricany"]
[Date "2014.08.27"]
[Round "6"]
[White "Sochor, Martin"]
[Black "Cabart, Pavel"]
[Result "1-0"]
[WhiteElo "1867"]
[BlackElo "1713"]
[PlyCount "55"]
[EventDate "2014.08.23"]
[EventType "swiss"]
[EventRounds "9"]
[EventCountry "CZE"]
[SourceTitle "EXT 2015"]
[Source "ChessBase"]
[SourceDate "2014.11.20"]
[SourceVersion "1"]
[SourceVersionDate "2014.11.20"]
[SourceQuality "1"]

1. d4 Nf6 2. Nf3 g6 3. c4 Bg7 4. g3 d6 5. Bg2 0-0 6. 0-0 Nbd7 7. Nc3 e5 8. h3 c6 9. e4 exd4 10. Nxd4 Qb6 11. Nb3 Ne5 12. c5 dxc5 13. Be3 Qc7 14. Bxc5 Rd8 15. Qc2 Be6 16. f4 Bxb3 17. axb3 Nd3 18. Be3 Nb4 19. Qe2 b6 20. Rfd1 Rxd1+ 21. Rxd1 Rd8 22. e5 Nfd5 23. Bf2 Bf8 24. Ne4 Be7 25. Kh2 f5 26. exf6 Nxf6 27. Nxf6+ Bxf6 28. Qc4+ 1-0

[Event "Ricany op-A"]
[Site "Ricany"]
[Date "2014.08.24"]
[Round "3"]
[White "Sochor, Martin"]
[Black "Zabehlicky, Jiri"]
[Result "1-0"]
[WhiteElo "1867"]
[BlackElo "1585"]
[PlyCount "63"]
[EventDate "2014.08.23"]
[EventType "swiss"]
[EventRounds "9"]
[EventCountry "CZE"]
[SourceTitle "EXT 2015"]
[Source "ChessBase"]
[SourceDate "2014.11.20"]
[SourceVersion "1"]
[SourceVersionDate "2014.11.20"]
[SourceQuality "1"]

1. d4 Nf6 2. Nf3 g6 3. c4 Bg7 4. g3 d6 5. Bg2 0-0 6. 0-0 Nbd7 7. Nc3 c5 8. e3 Rb8 9. a4 b6 10. Qe2 Bb7 11. Rd1 Qc8 12. d5 a6 13. h3 Ne8 14. e4 Ne5 15. Kh2 Nxf3+ 16. Bxf3 Qd7 17. Bg4 Qd8 18. f4 Bc8 19. Bxc8 Qxc8 20. e5 dxe5 21. fxe5 Qf5 22. Re1 Rb7 23. g4 Qd7 24. Bf4 f6 25. e6 Qd8 26. Bg3 Nd6 27. Ne4 Nxe4 28. Qxe4 f5 29. gxf5 gxf5 30. Qh4 Bf6 31. Rg1 Bxh4 32. Be5+ 1-0

[Event "Prague Summer op 1st"]
[Site "Prague"]
[Date "2014.08.09"]
[Round "1"]
[White "Kulhanek, Tomas"]
[Black "Sochor, Martin"]
[Result "1-0"]
[WhiteElo "2333"]
[BlackElo "1867"]
[PlyCount "91"]
[EventDate "2014.08.09"]
[EventType "swiss"]
[EventRounds "9"]
[EventCountry "CZE"]
[SourceTitle "CBM 162 Extra"]
[Source "ChessBase"]
[SourceDate "2014.10.17"]
[SourceVersion "1"]
[SourceVersionDate "2014.10.17"]
[SourceQuality "1"]

1. e4 c6 2. Nc3 d5 3. Nf3 Bg4 4. h3 Bh5 5. exd5 cxd5 6. Bb5+ Nc6 7. g4 Bg6 8. Ne5 Rc8 9. d4 a6 10. Nxc6 bxc6 11. Bxa6 Rb8 12. 0-0 e6 13. Bf4 Bd6 14. Qc1 h5 15. g5 Bf5 16. h4 Ne7 17. Ne2 Ng6 18. Bg3 Bxg3 19. fxg3 Qb6 20. Bd3 Bxd3 21. cxd3 0-0 22. b3 e5 23. Qc5 exd4 24. Qxb6 Rxb6 25. Nxd4 Ne5 26. Rac1 Ra8 27. Rf5 Nxd3 28. Rxc6 Rxc6 29. Nxc6 Rxa2 30. Rxd5 Nc1 31. b4 Ne2+ 32. Kf1 Nxg3+ 33. Ke1 g6 34. Ra5 Rb2 35. Kd1 Ne4 36. Kc1 Rh2 37. b5 Rxh4 38. b6 Nd6 39. Ne7+ Kf8 40. Nd5 Rg4 41. Nf6 Rg1+ 42. Kc2 h4 43. Re5 Rg2+ 44. Kb3 Rb2+ 45. Kc3 Rxb6 46. Nd7+ 1-0

[Event "Ricany op"]
[Site "Ricany"]
[Date "2013.08.25"]
[Round "2"]
[White "Sochor, Martin"]
[Black "Dungl, Martin"]
[Result "1-0"]
[WhiteElo "1885"]
[BlackElo "2075"]
[PlyCount "73"]
[EventDate "2013.08.24"]
[EventType "swiss"]
[EventRounds "9"]
[EventCountry "CZE"]
[SourceTitle "EXT 2022"]
[Source "ChessBase"]
[SourceDate "2021.10.06"]
[SourceVersion "1"]
[SourceVersionDate "2021.10.06"]
[SourceQuality "1"]

1. Nf3 Nf6 2. g3 g6 3. Bg2 Bg7 4. 0-0 0-0 5. c4 d6 6. Nc3 c6 7. d4 Qa5 8. Bd2 Qb6 9. Qb3 Be6 10. Ng5 Bc8 11. e3 h6 12. Nge4 Nbd7 13. Rfd1 Nxe4 14. Nxe4 Nf6 15. Nxf6+ Bxf6 16. Bc3 Bg4 17. Qxb6 axb6 18. Rd2 Ra4 19. b3 Ra3 20. Bb2 Ra7 21. f3 Bd7 22. e4 Rfa8 23. a3 c5 24. e5 Bg7 25. dxc5 bxc5 26. a4 Bc6 27. exd6 Bxb2 28. Rxb2 e5 29. Re1 f6 30. f4 exf4 31. gxf4 Bd7 32. Re7 Rd8 33. Bd5+ Kh8 34. Rf7 f5 35. Re2 Re8 36. Rxe8+ Bxe8 37. Rf8+ 1-0